Statistics for Islands That Start with T

Click here to take the quiz!

General Stats

  • This quiz has been taken 35 times
  • The average score is 8 of 10

Answer Stats

HintIsland% Correct
Island country off the south-eastern coast of mainland China, claimed by ChinaTaiwan
100%
Large Caribbean island north of Venezuela; other main island in the country is TobagoTrinidad
97%
Small country in the south-west Pacific, the second-least populous country in the worldTuvalu
94%
Largest island of AustraliaTasmania
91%
Largest island of French Polynesia, home to its capitalTahiti
86%
Island within the East Indies, partly controlled by Indonesia and East ____Timor
86%
Country in the South Pacific south-east of Fiji; also called Friendly IslandsTonga
86%
Largest of the Canary IslandsTenerife
74%
Volcanic island in the South Atlantic, dependency of the British territory of Saint Helena{Tristan} {da} {Cunha}
54%
Overseas territory of New Zealand in the western PacificTokelau
31%

Score Distribution

Percentile by Number Answered

Percent of People with Each Score

Your Score History

You have not taken this quiz